[Event "WCO2014"]
[Site "Tromso"]
[Date "2014.08.03"]
[Round "2.15"]
[WhiteID "505161"]
[White "Zhou Qiyu"]
[BlackID "12401013"]
[Black "Luong Phuong Hanh"]
[Result "0-1"]
[LiveChessVersion "1.4.3"]
[BlackElo "2171"]
[WhiteElo "2109"]

1. e4 {[%clk 1:30:57]} c5 {[%clk 1:30:55]} 2. Nf3 {[%clk 1:31:22]} Nc6
{[%clk 1:31:20]} 3. d4 {[%clk 1:31:47]} cxd4 {[%clk 1:31:40]} 4. Nxd4
{[%clk 1:32:13]} g6 {[%clk 1:32:05]} 5. c4 {[%clk 1:32:23]} Nf6 {[%clk 1:32:15]}
6. Nc3 {[%clk 1:32:41]} Nxd4 {[%clk 1:32:29]} 7. Qxd4 {[%clk 1:32:50]} d6
{[%clk 1:32:55]} 8. Be3 {[%clk 1:26:01]} Bg7 {[%clk 1:33:15]} 9. Be2
{[%clk 1:23:27]} O-O {[%clk 1:32:50]} 10. Qd2 {[%clk 1:22:16]} a5
{[%clk 1:32:40]} 11. f3 {[%clk 1:20:37]} a4 {[%clk 1:31:56]} 12. O-O
{[%clk 1:16:55]} Be6 {[%clk 1:32:09]} 13. Rac1 {[%clk 1:14:50]} Nd7
{[%clk 1:28:51]} 14. Nd5 {[%clk 1:08:27]} Nc5 {[%clk 1:25:00]} 15. Rc2
{[%clk 1:05:50]} b6 {[%clk 1:09:13]} 16. Bd4 {[%clk 0:58:49]} Bxd4+
{[%clk 1:06:13]} 17. Qxd4 {[%clk 0:58:11]} Bxd5 {[%clk 1:06:36]} 18. exd5
{[%clk 0:55:18]} Qd7 {[%clk 1:04:02]} 19. f4 {[%clk 0:50:39]} f5 {[%clk 0:51:24]}
20. Bf3 {[%clk 0:50:03]} b5 {[%clk 0:50:16]} 21. cxb5 {[%clk 0:42:51]} Qxb5
{[%clk 0:49:53]} 22. Re1 {[%clk 0:42:20]} Rf7 {[%clk 0:50:06]} 23. g4
{[%clk 0:38:19]} Qd3 {[%clk 0:47:12]} 24. Qxd3 {[%clk 0:26:11]} Nxd3
{[%clk 0:47:34]} 25. Re3 {[%clk 0:25:57]} Nxf4 {[%clk 0:47:08]} 26. Rc4
{[%clk 0:23:13]} fxg4 {[%clk 0:45:51]} 27. Bxg4 {[%clk 0:23:36]} Nxd5
{[%clk 0:44:15]} 28. Ra3 {[%clk 0:20:35]} Rf6 {[%clk 0:41:37]} 29. Raxa4
{[%clk 0:13:09]} Raf8 {[%clk 0:37:51]} 30. Rc1 {[%clk 0:12:47]} Ne3
{[%clk 0:37:53]} 31. Bh3 {[%clk 0:12:41]} Rf3 {[%clk 0:37:57]} 32. Rh4
{[%clk 0:11:00]} g5 {[%clk 0:37:53]} 33. Rh5 {[%clk 0:10:39]} g4 {[%clk 0:38:10]}
34. Bg2 {[%clk 0:10:11]} Rf2 {[%clk 0:38:14]} 35. Bd5+ {[%clk 0:10:11]} Kh8
{[%clk 0:37:52]} 36. Bc4 {[%clk 0:10:11]} e5 {[%clk 0:27:36]} 37. b4
{[%clk 0:06:14]} Kg7 {[%clk 0:24:45]} 38. h3 {[%clk 0:04:37]} Kg6
{[%clk 0:23:55]} 39. hxg4 {[%clk 0:04:57]} Rg2+ {[%clk 0:24:08]} 40. Kh1
{[%clk 0:05:19]} Rxg4 {[%clk 0:24:26]} 41. Rh3 {[%clk 0:04:35]} Nxc4
{[%clk 0:24:48]} 42. Rhc3 {[%clk 0:04:38]} Rf5 {[%clk 0:24:20]} 0-1

[Event "WCO2014"]
[Site "Tromso"]
[Date "2014.08.03"]
[Round "2.16"]
[WhiteID "12401226"]
[White "Pham Le Thao Nguyen"]
[BlackID "2600838"]
[Black "Starr Nava"]
[Result "1-0"]
[LiveChessVersion "1.4.3"]
[BlackElo "2145"]
[WhiteElo "2331"]

1. d4 {[%clk 1:30:52]} Nf6 {[%clk 1:30:57]} 2. Bf4 {[%clk 1:30:54]} c5
{[%clk 1:30:50]} 3. e3 {[%clk 1:31:02]} b6 {[%clk 1:23:25]} 4. Nf3
{[%clk 1:30:00]} Bb7 {[%clk 1:23:22]} 5. h3 {[%clk 1:29:53]} d6 {[%clk 1:23:17]}
6. Be2 {[%clk 1:29:56]} g6 {[%clk 1:22:07]} 7. O-O {[%clk 1:25:55]} Nbd7
{[%clk 1:22:21]} 8. a4 {[%clk 1:24:21]} a6 {[%clk 1:20:15]} 9. c3
{[%clk 1:22:00]} Bg7 {[%clk 1:19:48]} 10. Nbd2 {[%clk 1:21:30]} Rc8
{[%clk 1:19:10]} 11. Bh2 {[%clk 1:19:42]} O-O {[%clk 1:19:13]} 12. Re1
{[%clk 1:17:47]} Qc7 {[%clk 1:15:19]} 13. Qb3 {[%clk 1:09:48]} Bd5
{[%clk 0:49:58]} 14. c4 {[%clk 0:54:06]} Ba8 {[%clk 0:48:36]} 15. Bf1
{[%clk 0:44:59]} Rfe8 {[%clk 0:44:39]} 16. Rad1 {[%clk 0:38:22]} e5
{[%clk 0:33:53]} 17. dxe5 {[%clk 0:32:33]} dxe5 {[%clk 0:33:43]} 18. Be2
{[%clk 0:29:58]} Bc6 {[%clk 0:24:06]} 19. Nb1 {[%clk 0:24:16]} Ne4
{[%clk 0:22:44]} 20. Nfd2 {[%clk 0:23:06]} Qb7 {[%clk 0:20:55]} 21. Nxe4
{[%clk 0:21:23]} Bxe4 {[%clk 0:21:20]} 22. Nc3 {[%clk 0:21:08]} Bc6
{[%clk 0:19:07]} 23. Nd5 {[%clk 0:18:51]} Nf6 {[%clk 0:14:27]} 24. Bf3
{[%clk 0:16:12]} Bxd5 {[%clk 0:11:21]} 25. Bxd5 {[%clk 0:15:39]} Nxd5
{[%clk 0:10:00]} 26. Rxd5 {[%clk 0:15:12]} Rcd8 {[%clk 0:10:11]} 27. Rxc5
{[%clk 0:12:16]} Rd3 {[%clk 0:04:48]} 28. Qxd3 {[%clk 0:10:08]} bxc5
{[%clk 0:05:17]} 29. b3 {[%clk 0:10:04]} Qb4 {[%clk 0:04:46]} 30. Rb1
{[%clk 0:09:33]} Bf6 {[%clk 0:04:54]} 31. Qd6 {[%clk 0:07:44]} Kg7
{[%clk 0:05:18]} 32. Qxa6 {[%clk 0:06:50]} Rd8 {[%clk 0:04:57]} 33. Bg3
{[%clk 0:06:37]} h5 {[%clk 0:04:19]} 34. h4 {[%clk 0:06:49]} Qc3 {[%clk 0:03:56]}
35. Qb5 {[%clk 0:06:01]} Qc2 {[%clk 0:03:18]} 36. Rf1 {[%clk 0:06:05]} Rd3
{[%clk 0:01:06]} 37. Qxc5 {[%clk 0:05:37]} Rxb3 {[%clk 0:01:19]} 38. Bxe5
{[%clk 0:04:32]} Bxe5 {[%clk 0:01:31]} 39. Qxe5+ {[%clk 0:05:00]} Kg8
{[%clk 0:01:46]} 40. Qd5 {[%clk 0:03:20]} Rb4 {[%clk 0:01:36]} 41. a5
{[%clk 0:00:44]} Rxc4 {[%clk 0:00:34]} 42. a6 {[%clk 0:31:00]} Ra4
{[%clk 0:30:08]} 43. Qb5 {[%clk 0:16:57]} Qa2 {[%clk 0:27:56]} 44. Rd1
{[%clk 0:13:28]} Rxa6 {[%clk 0:25:08]} 45. Qe5 {[%clk 0:12:18]} Ra8
{[%clk 0:24:55]} 46. Qf6 {[%clk 0:12:01]} Qa4 {[%clk 0:24:21]} 47. Rd4
{[%clk 0:11:40]} Qa7 {[%clk 0:19:24]} 48. Kh2 {[%clk 0:09:29]} Re8
{[%clk 0:19:09]} 49. Rd6 {[%clk 0:06:05]} Qe7 {[%clk 0:19:26]} 50. Qxe7
{[%clk 0:06:09]} Rxe7 {[%clk 0:19:55]} 51. Kg3 {[%clk 0:06:29]} Kg7
{[%clk 0:20:10]} 52. Kf4 {[%clk 0:06:40]} Ra7 {[%clk 0:20:16]} 53. f3
{[%clk 0:06:40]} Rb7 {[%clk 0:17:45]} 54. e4 {[%clk 0:06:13]} Rb2
{[%clk 0:17:23]} 55. g3 {[%clk 0:06:36]} Rb7 {[%clk 0:15:12]} 56. Rd3
{[%clk 0:05:59]} Ra7 {[%clk 0:13:15]} 57. Ke3 {[%clk 0:05:40]} Rb7
{[%clk 0:13:12]} 58. e5 {[%clk 0:04:19]} Kf8 {[%clk 0:11:18]} 59. Ke4
{[%clk 0:04:14]} Ke7 {[%clk 0:11:30]} 60. Kf4 {[%clk 0:03:56]} Rb4+
{[%clk 0:10:00]} 61. Kg5 {[%clk 0:03:26]} Rb5 {[%clk 0:06:29]} 62. f4
{[%clk 0:03:28]} Ra5 {[%clk 0:06:12]} 63. Rb3 {[%clk 0:03:39]} Ke6
{[%clk 0:05:59]} 64. Rb6+ {[%clk 0:03:13]} Ke7 {[%clk 0:06:28]} 65. Kh6
{[%clk 0:03:16]} Ra3 {[%clk 0:04:51]} 66. Kg7 {[%clk 0:03:31]} Rxg3
{[%clk 0:05:07]} 67. Rb7+ {[%clk 0:03:40]} Ke8 {[%clk 0:04:54]} 68. Rxf7
{[%clk 0:03:09]} Rg4 {[%clk 0:04:22]} 69. e6 {[%clk 0:02:51]} Rxh4
{[%clk 0:02:53]} 70. Kxg6 {[%clk 0:03:03]} Rh1 {[%clk 0:02:13]} 71. Rh7
{[%clk 0:02:50]} 1-0

[Event "WCO2014"]
[Site "Tromso"]
[Date "2014.08.03"]
[Round "2.36"]
[WhiteID "11601124"]
[White "Reizniece-Ozola Dana"]
[BlackID "14201780"]
[Black "Kurbonboeva Sarvinoz"]
[Result "0-1"]
[LiveChessVersion "1.4.3"]
[BlackElo "2228"]
[WhiteElo "2278"]

1. c4 {[%clk 1:30:57]} e6 {[%clk 1:30:42]} 2. Nf3 {[%clk 1:29:58]} d5
{[%clk 1:31:00]} 3. e3 {[%clk 1:28:26]} Nf6 {[%clk 1:30:29]} 4. Nc3
{[%clk 1:26:19]} c6 {[%clk 1:29:07]} 5. d4 {[%clk 1:24:35]} Bd6 {[%clk 1:22:34]}
6. Bd3 {[%clk 1:23:36]} dxc4 {[%clk 1:22:24]} 7. Bxc4 {[%clk 1:22:28]} b5
{[%clk 1:21:35]} 8. Bd3 {[%clk 1:20:55]} Nbd7 {[%clk 1:21:45]} 9. O-O
{[%clk 1:19:49]} O-O {[%clk 1:21:36]} 10. Qc2 {[%clk 1:06:59]} Bb7
{[%clk 1:20:07]} 11. e4 {[%clk 0:58:13]} e5 {[%clk 1:19:57]} 12. h3
{[%clk 0:42:00]} h6 {[%clk 1:12:31]} 13. Be3 {[%clk 0:37:45]} Re8
{[%clk 0:55:18]} 14. Rad1 {[%clk 0:33:06]} exd4 {[%clk 0:43:16]} 15. Bxd4
{[%clk 0:21:44]} Qc7 {[%clk 0:39:22]} 16. Rfe1 {[%clk 0:13:58]} a6
{[%clk 0:35:18]} 17. a3 {[%clk 0:11:46]} Re6 {[%clk 0:23:11]} 18. b4
{[%clk 0:06:35]} c5 {[%clk 0:18:45]} 19. bxc5 {[%clk 0:06:09]} Bxc5
{[%clk 0:17:53]} 20. Qb2 {[%clk 0:03:12]} Rae8 {[%clk 0:15:48]} 21. Bb1
{[%clk 0:02:48]} Qb6 {[%clk 0:11:37]} 22. Bxc5 {[%clk 0:02:12]} Nxc5
{[%clk 0:09:05]} 23. Nd4 {[%clk 0:02:31]} Re5 {[%clk 0:06:42]} 24. f4
{[%clk 0:01:56]} R5e7 {[%clk 0:06:38]} 25. e5 {[%clk 0:02:02]} Nh5
{[%clk 0:01:53]} 26. Qf2 {[%clk 0:02:02]} Ne6 {[%clk 0:01:51]} 27. Nf5
{[%clk 0:01:15]} Qxf2+ {[%clk 0:02:14]} 28. Kxf2 {[%clk 0:01:44]} Rc7
{[%clk 0:02:34]} 29. Nd6 {[%clk 0:01:49]} Rb8 {[%clk 0:00:47]} 30. f5
{[%clk 0:00:54]} Nc5 {[%clk 0:00:35]} 31. Ba2 {[%clk 0:01:10]} Nf4
{[%clk 0:00:42]} 32. Nxb7 {[%clk 0:01:21]} Ncd3+ {[%clk 0:00:37]} 33. Kg1
{[%clk 0:01:04]} Nxe1 {[%clk 0:00:55]} 34. Nd6 {[%clk 0:01:02]} Rxc3
{[%clk 0:00:37]} 35. Bxf7+ {[%clk 0:01:20]} Kf8 {[%clk 0:01:03]} 36. Rxe1
{[%clk 0:01:33]} Rc2 {[%clk 0:00:34]} 37. e6 {[%clk 0:01:38]} Ke7
{[%clk 0:00:48]} 38. Ne4 {[%clk 0:00:40]} Rxg2+ {[%clk 0:01:04]} 39. Kf1
{[%clk 0:00:48]} Rh2 {[%clk 0:00:58]} 40. Ng3 {[%clk 0:00:40]} Rc8
{[%clk 0:00:34]} 41. Rd1 {[%clk 0:01:05]} Rcc2 {[%clk 0:00:36]} 42. f6+
{[%clk 0:00:34]} Kxf6 {[%clk 0:00:37]} 43. Ne4+ {[%clk 0:30:24]} Ke5
{[%clk 0:29:27]} 44. Nd2 {[%clk 0:30:07]} Rh1+ {[%clk 0:29:00]} 45. Kf2
{[%clk 0:30:12]} Rxd1 {[%clk 0:29:15]} 0-1

[Event "WCO2014"]
[Site "Tromso"]
[Date "2014.08.03"]
[Round "2.35"]
[WhiteID "14201437"]
[White "Gevorgyan Irina"]
[BlackID "11601876"]
[Black "Rogule Laura"]
[Result "0-1"]
[LiveChessVersion "1.4.3"]
[BlackElo "2347"]
[WhiteElo "2141"]

1. d4 {[%clk 1:30:54]} d5 {[%clk 1:30:56]} 2. c4 {[%clk 1:31:18]} e6
{[%clk 1:31:22]} 3. Nc3 {[%clk 1:31:43]} Be7 {[%clk 1:31:43]} 4. Nf3
{[%clk 1:32:06]} Nf6 {[%clk 1:31:55]} 5. Bg5 {[%clk 1:32:27]} O-O
{[%clk 1:31:57]} 6. e3 {[%clk 1:32:50]} h6 {[%clk 1:32:11]} 7. Bh4
{[%clk 1:33:10]} b6 {[%clk 1:32:18]} 8. Rc1 {[%clk 1:33:05]} Bb7 {[%clk 1:25:43]}
9. Bxf6 {[%clk 1:32:18]} Bxf6 {[%clk 1:26:05]} 10. cxd5 {[%clk 1:32:43]} exd5
{[%clk 1:23:44]} 11. Be2 {[%clk 1:33:07]} c6 {[%clk 1:01:36]} 12. O-O
{[%clk 1:33:15]} Re8 {[%clk 0:50:24]} 13. b4 {[%clk 1:31:25]} Qd6
{[%clk 0:45:08]} 14. Qb3 {[%clk 1:28:14]} Nd7 {[%clk 0:37:47]} 15. Rfd1
{[%clk 1:25:38]} a6 {[%clk 0:29:59]} 16. a3 {[%clk 1:18:58]} Be7 {[%clk 0:12:08]}
17. e4 {[%clk 1:13:22]} dxe4 {[%clk 0:12:12]} 18. Nxe4 {[%clk 1:13:43]} Qf4
{[%clk 0:12:00]} 19. Ng3 {[%clk 1:12:59]} Bd6 {[%clk 0:09:35]} 20. Bc4
{[%clk 1:10:47]} g6 {[%clk 0:06:42]} 21. Qd3 {[%clk 0:46:09]} Kg7
{[%clk 0:04:44]} 22. Bb3 {[%clk 0:40:23]} Nf6 {[%clk 0:04:06]} 23. Ba4
{[%clk 0:18:11]} Rac8 {[%clk 0:02:07]} 24. Rc2 {[%clk 0:07:29]} Re7
{[%clk 0:01:26]} 25. Rdc1 {[%clk 0:05:55]} b5 {[%clk 0:01:37]} 26. Bb3
{[%clk 0:06:20]} Rce8 {[%clk 0:01:58]} 27. Ne2 {[%clk 0:05:30]} Rxe2
{[%clk 0:01:59]} 28. g3 {[%clk 0:05:31]} Qe4 {[%clk 0:01:57]} 0-1

[Event "WCO2014"]
[Site "Tromso"]
[Date "2014.08.03"]
[Round "2.34"]
[WhiteID "11602260"]
[White "Skinke Katrina"]
[BlackID "14201771"]
[Black "Kakhramonova Mokhinur"]
[Result "1-0"]
[LiveChessVersion "1.4.3"]
[BlackElo "2044"]
[WhiteElo "2217"]

1. e4 {[%clk 1:30:58]} c6 {[%clk 1:30:56]} 2. d4 {[%clk 1:31:12]} d5
{[%clk 1:31:22]} 3. Nc3 {[%clk 1:31:17]} dxe4 {[%clk 1:31:41]} 4. Nxe4
{[%clk 1:31:42]} Nd7 {[%clk 1:32:03]} 5. Ng5 {[%clk 1:30:31]} Ngf6
{[%clk 1:31:06]} 6. Bd3 {[%clk 1:26:32]} e6 {[%clk 1:29:14]} 7. N1f3
{[%clk 1:23:28]} Bd6 {[%clk 1:25:49]} 8. Qe2 {[%clk 1:18:46]} h6 {[%clk 0:42:59]}
9. Ne4 {[%clk 1:13:23]} Nxe4 {[%clk 0:40:56]} 10. Qxe4 {[%clk 1:13:10]} Nf6
{[%clk 0:41:14]} 11. Qe2 {[%clk 1:04:10]} Nd5 {[%clk 0:29:45]} 12. O-O
{[%clk 0:55:27]} O-O {[%clk 0:20:55]} 13. c4 {[%clk 0:52:20]} Ne7
{[%clk 0:18:30]} 14. Rd1 {[%clk 0:47:09]} Nf5 {[%clk 0:10:33]} 15. Qe4
{[%clk 0:41:48]} h5 {[%clk 0:06:34]} 16. Bg5 {[%clk 0:35:49]} Be7
{[%clk 0:01:49]} 17. Bf4 {[%clk 0:35:04]} Bf6 {[%clk 0:02:27]} 18. Be5
{[%clk 0:34:18]} Bxe5 {[%clk 0:02:03]} 19. dxe5 {[%clk 0:33:53]} Qe7
{[%clk 0:02:11]} 20. h3 {[%clk 0:32:41]} g6 {[%clk 0:02:14]} 21. Qf4
{[%clk 0:30:08]} Kg7 {[%clk 0:01:30]} 22. Ng5 {[%clk 0:28:52]} Rd8
{[%clk 0:01:09]} 23. Ne4 {[%clk 0:19:33]} Rd4 {[%clk 0:00:54]} 24. Qf3
{[%clk 0:17:26]} Nh4 {[%clk 0:00:50]} 25. Qe2 {[%clk 0:17:08]} Bd7
{[%clk 0:00:56]} 26. Nf6 {[%clk 0:15:35]} c5 {[%clk 0:00:44]} 27. g3
{[%clk 0:12:08]} Nf5 {[%clk 0:00:53]} 28. Bxf5 {[%clk 0:11:53]} exf5
{[%clk 0:01:07]} 29. Rxd4 {[%clk 0:11:37]} cxd4 {[%clk 0:01:36]} 30. Rd1
{[%clk 0:11:11]} f4 {[%clk 0:00:47]} 31. Rxd4 {[%clk 0:09:04]} Bxh3
{[%clk 0:00:36]} 32. Rxf4 {[%clk 0:09:09]} Rd8 {[%clk 0:00:39]} 33. Kh2
{[%clk 0:06:07]} Bc8 {[%clk 0:00:51]} 34. Qe3 {[%clk 0:05:21]} Qe6
{[%clk 0:00:57]} 35. Rd4 {[%clk 0:03:13]} Qh3+ {[%clk 0:00:42]} 36. Kg1
{[%clk 0:03:42]} Rh8 {[%clk 0:00:38]} 37. Qg5 {[%clk 0:02:33]} Qf5
{[%clk 0:00:38]} 38. Qxf5 {[%clk 0:02:16]} Bxf5 {[%clk 0:01:07]} 39. Kg2
{[%clk 0:01:48]} Rc8 {[%clk 0:01:08]} 40. b3 {[%clk 0:01:18]} Rc5
{[%clk 0:00:52]} 41. f4 {[%clk 0:00:36]} Rc8 {[%clk 0:00:58]} 42. Kf3
{[%clk 0:21:55]} a5 {[%clk 0:29:23]} 43. Ne4 {[%clk 0:20:05]} Rc6
{[%clk 0:22:54]} 44. Nd6 {[%clk 0:18:58]} Bg4+ {[%clk 0:22:58]} 45. Ke3
{[%clk 0:18:25]} b6 {[%clk 0:22:45]} 46. Ne4 {[%clk 0:16:44]} Be6
{[%clk 0:20:09]} 47. Rd8 {[%clk 0:15:29]} a4 {[%clk 0:18:54]} 48. Rb8
{[%clk 0:14:19]} axb3 {[%clk 0:12:11]} 49. axb3 {[%clk 0:14:45]} Bg4
{[%clk 0:10:22]} 50. Kd4 {[%clk 0:14:07]} Bf3 {[%clk 0:10:15]} 51. Nd6
{[%clk 0:12:29]} Bg4 {[%clk 0:05:31]} 52. b4 {[%clk 0:11:40]} 1-0

[Event "WCO2014"]
[Site "Tromso"]
[Date "2014.08.03"]
[Round "2.33"]
[WhiteID "14200201"]
[White "Sabirova Olga"]
[BlackID "11600241"]
[Black "Erneste Inguna"]
[Result "1-0"]
[LiveChessVersion "1.4.3"]
[BlackElo "2200"]
[WhiteElo "2099"]

1. e4 {[%clk 1:30:56]} e5 {[%clk 1:30:46]} 2. Nf3 {[%clk 1:31:21]} Nc6
{[%clk 1:31:09]} 3. Bc4 {[%clk 1:31:41]} Nf6 {[%clk 1:31:33]} 4. O-O
{[%clk 1:31:19]} Be7 {[%clk 1:29:51]} 5. Nc3 {[%clk 1:29:38]} d6 {[%clk 1:26:21]}
6. h3 {[%clk 1:27:20]} O-O {[%clk 1:26:31]} 7. d4 {[%clk 1:26:29]} exd4
{[%clk 1:16:03]} 8. Nxd4 {[%clk 1:26:52]} Nxd4 {[%clk 1:14:11]} 9. Qxd4
{[%clk 1:27:19]} Be6 {[%clk 1:11:29]} 10. Bf4 {[%clk 1:13:57]} Bxc4
{[%clk 0:58:19]} 11. Qxc4 {[%clk 1:14:20]} c6 {[%clk 0:46:49]} 12. Rad1
{[%clk 1:07:34]} Ne8 {[%clk 0:45:41]} 13. Ne2 {[%clk 0:49:57]} Qb6
{[%clk 0:38:04]} 14. Ng3 {[%clk 0:39:03]} Bf6 {[%clk 0:30:38]} 15. Nf5
{[%clk 0:35:02]} Be5 {[%clk 0:25:31]} 16. Be3 {[%clk 0:25:38]} Qc7
{[%clk 0:25:20]} 17. f4 {[%clk 0:16:10]} Bf6 {[%clk 0:24:42]} 18. e5
{[%clk 0:15:55]} dxe5 {[%clk 0:15:37]} 19. fxe5 {[%clk 0:15:57]} Bxe5
{[%clk 0:12:54]} 20. Bc5 {[%clk 0:15:21]} Nf6 {[%clk 0:12:45]} 21. Bxf8
{[%clk 0:14:07]} Rxf8 {[%clk 0:13:07]} 22. b3 {[%clk 0:09:12]} g6
{[%clk 0:11:53]} 23. Nh6+ {[%clk 0:08:24]} Kg7 {[%clk 0:11:58]} 24. Ng4
{[%clk 0:08:31]} Nxg4 {[%clk 0:11:13]} 25. Qxg4 {[%clk 0:08:45]} h5
{[%clk 0:07:43]} 26. Qd7 {[%clk 0:05:31]} Qb6+ 27. Kh1 Qc5 {[%clk 0:05:06]} 28.
Rf3 {[%clk 0:03:13]} Bf6 {[%clk 0:03:19]} 29. Rdf1 {[%clk 0:02:07]} Rd8
{[%clk 0:03:21]} 30. Qxb7 {[%clk 0:02:06]} Rd6 {[%clk 0:03:46]} 31. Qc7
{[%clk 0:01:44]} Re6 {[%clk 0:04:01]} 32. c4 {[%clk 0:01:38]} h4 {[%clk 0:04:04]}
33. Qf4 {[%clk 0:01:02]} a5 {[%clk 0:03:53]} 34. Qd2 {[%clk 0:01:01]} Rd6
{[%clk 0:02:51]} 35. Rd3 {[%clk 0:01:02]} Re6 {[%clk 0:03:10]} 36. Rdf3
{[%clk 0:00:56]} Qe5 {[%clk 0:03:10]} 37. Qf4 {[%clk 0:00:59]} Qc5
{[%clk 0:03:28]} 38. Qd2 {[%clk 0:01:02]} Qe5 {[%clk 0:03:42]} 39. Qf2
{[%clk 0:01:19]} Qg5 {[%clk 0:03:39]} 40. Rd1 {[%clk 0:01:00]} Qe5
{[%clk 0:03:48]} 41. Kg1 {[%clk 0:00:45]} c5 {[%clk 0:02:14]} 42. Qd2
{[%clk 0:15:35]} Qc7 {[%clk 0:26:52]} 43. Rdf1 {[%clk 0:11:48]} Bd4+
{[%clk 0:26:29]} 44. Kh1 {[%clk 0:12:08]} f6 {[%clk 0:18:59]} 45. Re1
{[%clk 0:12:08]} Rxe1+ {[%clk 0:14:05]} 46. Qxe1 {[%clk 0:12:35]} g5
{[%clk 0:14:17]} 47. Qe6 {[%clk 0:09:20]} Be5 {[%clk 0:12:40]} 48. Re3
{[%clk 0:05:54]} Kg6 {[%clk 0:10:54]} 49. Qg8+ {[%clk 0:04:38]} Kh6
{[%clk 0:10:57]} 50. Qf8+ {[%clk 0:03:10]} Kg6 {[%clk 0:11:09]} 51. Re1
{[%clk 0:02:24]} Kh7 {[%clk 0:05:00]} 52. Qe8 {[%clk 0:01:55]} Kg7
{[%clk 0:05:12]} 53. Rd1 {[%clk 0:01:36]} Bd4 {[%clk 0:05:34]} 54. Qe4
{[%clk 0:01:37]} Qd6 {[%clk 0:04:58]} 55. a3 {[%clk 0:01:44]} Qb6
{[%clk 0:04:55]} 56. Rd3 {[%clk 0:01:15]} Kh6 {[%clk 0:04:41]} 57. Qf5
{[%clk 0:00:51]} Kg7 {[%clk 0:04:36]} 58. Qd7+ {[%clk 0:01:03]} Kg6
{[%clk 0:04:56]} 59. Qd5 {[%clk 0:01:10]} Be5 {[%clk 0:04:04]} 60. Qg8+
{[%clk 0:01:10]} 1-0

[Event "WCO2014"]
[Site "Tromso"]
[Date "2014.08.03"]
[Round "2.5"]
[WhiteID "1503260"]
[White "Skytte Torill"]
[BlackID "1901192"]
[Black "Coimbra Margarida"]
[Result "1/2-1/2"]
[LiveChessVersion "1.4.3"]
[BlackElo "2071"]
[WhiteElo "1991"]

1. d4 {[%clk 1:30:57]} d5 {[%clk 1:30:50]} 2. Bf4 {[%clk 1:31:18]} Nf6
{[%clk 1:31:05]} 3. e3 {[%clk 1:31:37]} c5 {[%clk 1:30:05]} 4. Nc3
{[%clk 1:31:10]} a6 {[%clk 1:20:23]} 5. dxc5 {[%clk 1:31:15]} Nc6
{[%clk 1:19:20]} 6. Nf3 {[%clk 1:26:15]} e6 {[%clk 1:17:37]} 7. Na4
{[%clk 1:24:05]} Nd7 {[%clk 1:10:54]} 8. c3 {[%clk 1:10:41]} Nxc5
{[%clk 1:08:03]} 9. Nxc5 {[%clk 1:08:39]} Bxc5 {[%clk 1:08:23]} 10. Bd3
{[%clk 1:05:30]} h6 {[%clk 1:03:54]} 11. O-O {[%clk 1:02:59]} O-O
{[%clk 1:03:09]} 12. Bc2 {[%clk 1:02:17]} Bd6 {[%clk 0:41:54]} 13. Qd3
{[%clk 0:53:41]} f5 {[%clk 0:42:06]} 14. Rfe1 {[%clk 0:51:29]} Bc7
{[%clk 0:32:13]} 15. Bxc7 {[%clk 0:50:16]} Qxc7 {[%clk 0:30:38]} 16. Rad1
{[%clk 0:44:33]} b5 {[%clk 0:20:15]} 17. Bb3 {[%clk 0:33:50]} Ra7
{[%clk 0:18:00]} 18. Qe2 {[%clk 0:29:21]} Na5 {[%clk 0:16:00]} 19. Bc2
{[%clk 0:27:23]} Nc4 {[%clk 0:16:06]} 20. Bb1 {[%clk 0:27:09]} Qc5
{[%clk 0:08:55]} 21. b3 {[%clk 0:16:48]} Nd6 {[%clk 0:06:22]} 22. Rc1
{[%clk 0:16:30]} Rc7 {[%clk 0:06:07]} 23. Ne5 {[%clk 0:15:04]} Ne4
{[%clk 0:05:26]} 24. Nd3 {[%clk 0:11:47]} Qd6 {[%clk 0:04:43]} 25. Qb2
{[%clk 0:10:49]} Bb7 {[%clk 0:03:23]} 26. Red1 {[%clk 0:10:24]} Qe7
{[%clk 0:03:06]} 27. Nf4 {[%clk 0:09:25]} Rfc8 {[%clk 0:02:54]} 28. Bxe4
{[%clk 0:07:26]} fxe4 {[%clk 0:02:02]} 29. Qd2 {[%clk 0:05:39]} Qf6
{[%clk 0:01:55]} 30. Ne2 {[%clk 0:05:21]} Rf8 {[%clk 0:01:42]} 31. Rf1
{[%clk 0:05:23]} Rcf7 {[%clk 0:01:11]} 32. Nf4 {[%clk 0:03:29]} Rc8
{[%clk 0:01:04]} 33. Nh5 {[%clk 0:02:51]} Qe5 {[%clk 0:01:04]} 34. Nf4
{[%clk 0:02:52]} Qf6 {[%clk 0:00:50]} 35. Rc2 {[%clk 0:03:01]} Rfc7
{[%clk 0:00:58]} 36. Rfc1 {[%clk 0:03:19]} Qe5 {[%clk 0:00:46]} 37. Ne2
{[%clk 0:01:53]} Qf6 {[%clk 0:00:49]} 38. Nf4 {[%clk 0:02:10]} Qe5
{[%clk 0:01:02]} 39. Ne2 {[%clk 0:01:37]} Qf6 {[%clk 0:01:05]} 40. Nf4 1/2-1/2

[Event "WCO2014"]
[Site "Tromso"]
[Date "2014.08.03"]
[Round "2.6"]
[WhiteID "1909436"]
[White "Oliveira Maria Ines"]
[BlackID "1511599"]
[Black "Kyrkjebo Hanna B."]
[Result "1-0"]
[LiveChessVersion "1.4.3"]
[BlackElo "1756"]
[WhiteElo "1890"]

1. e4 {[%clk 1:30:56]} e5 {[%clk 1:30:59]} 2. Nf3 {[%clk 1:30:57]} Nc6
{[%clk 1:31:21]} 3. Bb5 {[%clk 1:31:09]} a6 {[%clk 1:31:41]} 4. Ba4
{[%clk 1:31:26]} Nf6 {[%clk 1:32:04]} 5. d3 {[%clk 1:31:24]} b5 {[%clk 1:32:10]}
6. Bb3 {[%clk 1:31:45]} Be7 7. O-O {[%clk 1:31:15]} O-O {[%clk 1:31:48]} 8. Re1
{[%clk 1:30:44]} d6 {[%clk 1:31:59]} 9. c3 {[%clk 1:30:30]} Nd7 {[%clk 1:30:02]}
10. Nbd2 {[%clk 1:28:35]} Na5 {[%clk 1:27:50]} 11. Bc2 {[%clk 1:28:55]} c5
{[%clk 1:28:01]} 12. Nf1 {[%clk 1:27:48]} Nb6 {[%clk 1:27:52]} 13. Ng3
{[%clk 1:24:02]} Nc6 {[%clk 1:26:06]} 14. h3 {[%clk 1:17:09]} Be6
{[%clk 1:26:16]} 15. Nh2 {[%clk 1:12:36]} Qc7 {[%clk 1:17:00]} 16. Ng4
{[%clk 1:08:07]} d5 {[%clk 1:07:32]} 17. Ne3 {[%clk 1:00:21]} d4 {[%clk 1:00:13]}
18. Nef5 {[%clk 1:00:17]} Bf6 {[%clk 0:57:52]} 19. Nh5 {[%clk 0:53:31]} Qd8
{[%clk 0:39:44]} 20. Qg4 {[%clk 0:43:14]} Bxf5 {[%clk 0:32:01]} 21. exf5
{[%clk 0:43:37]} Re8 {[%clk 0:28:51]} 22. Nxf6+ {[%clk 0:39:39]} Qxf6
{[%clk 0:28:38]} 23. Bg5 {[%clk 0:40:04]} Qd6 {[%clk 0:28:07]} 24. f6
{[%clk 0:40:30]} h6 {[%clk 0:23:17]} 25. Bxh6 {[%clk 0:34:36]} Qxf6
{[%clk 0:22:53]} 26. Bd2 {[%clk 0:32:14]} Nd5 {[%clk 0:17:47]} 27. Re4
{[%clk 0:31:32]} Qe6 {[%clk 0:13:57]} 28. Qf3 {[%clk 0:26:57]} Nf6
{[%clk 0:11:28]} 29. Rh4 {[%clk 0:26:10]} Ne7 {[%clk 0:09:19]} 30. Bg5
{[%clk 0:22:26]} Nf5 {[%clk 0:07:34]} 31. Bxf6 {[%clk 0:20:41]} Qxf6
{[%clk 0:07:18]} 32. Rg4 {[%clk 0:19:52]} Kf8 {[%clk 0:04:49]} 33. Qd5
{[%clk 0:16:56]} Qd6 {[%clk 0:03:47]} 34. Qe4 {[%clk 0:16:45]} Qf6
{[%clk 0:02:16]} 35. a4 {[%clk 0:14:49]} Nh6 {[%clk 0:01:29]} 36. Rg3
{[%clk 0:14:29]} b4 {[%clk 0:01:02]} 37. cxb4 {[%clk 0:13:57]} cxb4
{[%clk 0:01:22]} 38. Bb3 {[%clk 0:14:19]} a5 {[%clk 0:00:53]} 39. Rf3
{[%clk 0:13:24]} Qd6 {[%clk 0:00:40]} 40. g4 {[%clk 0:05:51]} Ra7
{[%clk 0:00:41]} 41. g5 {[%clk 0:02:19]} Ng8 {[%clk 0:29:29]} 42. Rc1
{[%clk 0:33:44]} Qd8 {[%clk 0:23:20]} 43. Rf5 {[%clk 0:30:50]} f6
{[%clk 0:14:45]} 44. Qh4 {[%clk 0:25:29]} Ra6 {[%clk 0:05:56]} 45. Qh8
{[%clk 0:22:36]} Ke7 {[%clk 0:05:59]} 46. Qxg7+ {[%clk 0:22:31]} Kd6
{[%clk 0:06:11]} 47. Bxg8 {[%clk 0:21:24]} Rxg8 {[%clk 0:05:02]} 48. Rxf6+
{[%clk 0:21:15]} Kd5 1-0